[Event "2. BUNDESLIGA MITTE 2019/2020"]
[Site "St. Veit"]
[Date "2020.01.11"]
[Round "8"]
[Board "2"]
[White "Gajek, Radoslaw"]
[Black "Kilgus, Georg"]
[Result "1-0"]
[WhiteElo "2422"]
[BlackElo "2438"]
[PlyCount "59"]
[EventDate "2019.10.11"]
[EventType "team"]
[EventRounds "11"]
[EventCountry "AUT"]
[WhiteTeam "Schachfreunde Graz"]
[BlackTeam "SPG Sparkasse SEDDA Grieskirchen/Schalle"]

1. e4 c5 2. Nf3 e6 3. d4 cxd4 4. Nxd4 Nc6 5. Nc3 Qc7 6. Be3 a6 7. Qf3 Bd6 8.
O-O-O Be5 9. Nxc6 bxc6 10. Bd4 Bxd4 11. Rxd4 Nf6 12. Qe3 O-O 13. e5 Nd5 14.
Nxd5 exd5 15. Bd3 d6 16. Rh4 h6 17. Rxh6 gxh6 18. Qxh6 f5 19. exf6 Ra7 20. g4
Qf7 21. Qg5+ Kh8 22. Qh4+ Kg8 23. g5 c5 24. c3 d4 25. Re1 Be6 26. Qh6 dxc3 27.
bxc3 Rb8 28. Bg6 Qf8 29. Rxe6 Qxh6 30. gxh6  1-0

[Event "2. BUNDESLIGA MITTE 2019/2020"]
[Site "St. Veit"]
[Date "2020.01.11"]
[Round "8"]
[Board "3"]
[White "Schwabeneder, Florian"]
[Black "Huber, Martin Christian"]
[Result "1/2-1/2"]
[WhiteElo "2401"]
[BlackElo "2343"]
[PlyCount "60"]
[EventDate "2019.10.11"]
[EventType "team"]
[EventRounds "11"]
[EventCountry "AUT"]
[WhiteTeam "SPG Sparkasse SEDDA Grieskirchen/Schalle"]
[BlackTeam "Schachfreunde Graz"]

1. e4 c5 2. Nf3 e6 3. d3 Nc6 4. g3 Nf6 5. Bg2 Be7 6. O-O d6 7. Re1 O-O 8. c3
Bd7 9. a3 Qc7 10. b4 b5 11. Nbd2 Rfd8 12. Bb2 Be8 13. d4 cxd4 14. cxd4 d5 15.
e5 Nd7 16. Bf1 a6 17. Bd3 Nb6 18. Qc2 h6 19. Nb3 Nc4 20. Nc5 a5 21. Qb3 Ra7 22.
Rad1 Rda8 23. Bc1 axb4 24. axb4 Ra1 25. Kg2 Qa7 26. Bb1 Na3 27. Bd3 Nc4 28. Bb1
Na3 29. Bd3 Nc4 30. Bb1 Na3  1/2-1/2

[Event "2. BUNDESLIGA MITTE 2019/2020"]
[Site "St. Veit"]
[Date "2020.01.11"]
[Round "8"]
[Board "4"]
[White "Kravanja, Georg"]
[Black "Webersberger, Johann"]
[Result "0-1"]
[WhiteElo "2282"]
[BlackElo "2367"]
[PlyCount "102"]
[EventDate "2019.10.11"]
[EventType "team"]
[EventRounds "11"]
[EventCountry "AUT"]
[WhiteTeam "Schachfreunde Graz"]
[BlackTeam "SPG Sparkasse SEDDA Grieskirchen/Schalle"]

1. d4 e6 2. c4 Nf6 3. g3 d5 4. Nf3 Be7 5. Bg2 O-O 6. O-O dxc4 7. Qc2 a6 8. a4
Bd7 9. Ne5 Bc6 10. Nxc6 Nxc6 11. Bxc6 bxc6 12. Qxc4 Qd5 13. Qxd5 cxd5 14. Be3
Ng4 15. Bd2 Rfc8 16. Rc1 Rab8 17. Ra2 c5 18. h3 Nf6 19. dxc5 Rxc5 20. Rxc5 Bxc5
21. Kg2 Rb3 22. f3 d4 23. Kf1 Nd5 24. Ke1 e5 25. Kd1 f5 26. Kc2 Rb8 27. Kd3 Kf7
28. f4 exf4 29. gxf4 Ke6 30. Kc4 Bd6 31. Kxd4 Bxf4 32. Bxf4 Nxf4 33. Nc3 Nxh3
34. Kc5 h5 35. b4 h4 36. b5 axb5 37. Nxb5 Nf2 38. a5 h3 39. Nd4+ Kd7 40. Nf3 g5
41. e3 Ne4+ 42. Kd4 g4 43. Ne5+ Kc7 44. Rc2+ Kb7 45. a6+ Kxa6 46. Re2 Kb7 47.
Rb2+ Kc7 48. Rc2+ Kd6 49. Rc6+ Ke7 50. Rc7+ Ke6 51. Nc6 Kd6  0-1

[Event "2. BUNDESLIGA MITTE 2019/2020"]
[Site "St. Veit"]
[Date "2020.01.11"]
[Round "8"]
[Board "5"]
[White "Singer, Christoph"]
[Black "Teuschler, Barbara"]
[Result "1-0"]
[WhiteElo "2338"]
[BlackElo "2119"]
[PlyCount "117"]
[EventDate "2019.10.11"]
[EventType "team"]
[EventRounds "11"]
[EventCountry "AUT"]
[WhiteTeam "SPG Sparkasse SEDDA Grieskirchen/Schalle"]
[BlackTeam "Schachfreunde Graz"]

1. e4 e5 2. Nf3 Nc6 3. Bc4 Bc5 4. d3 Nf6 5. O-O O-O 6. Nbd2 d6 7. c3 a6 8. Bb3
Ba7 9. h3 h6 10. Re1 Be6 11. Nf1 d5 12. Qe2 Re8 13. Ng3 Qd6 14. Nh4 dxe4 15.
dxe4 Bxb3 16. axb3 Rad8 17. Qf3 Qd3 18. Be3 Bxe3 19. Rxe3 Qc2 20. Ngf5 Re6 21.
Qg3 Rd1+ 22. Rxd1 Qxd1+ 23. Kh2 Nh5 24. Qf3 Qxf3 25. Nxf3 Nf6 26. Nd2 Ne7 27.
Rd3 Nxf5 28. exf5 Re7 29. Nc4 b5 30. Rd8+ Kh7 31. Ne3 Rd7 32. Rxd7 Nxd7 33. Nd5
c5 34. Nc7 Nb8 35. Kg3 g6 36. fxg6+ Kxg6 37. Kf3 f5 38. Ke3 h5 39. g3 h4 40.
Kf3 hxg3 41. fxg3 b4 42. g4 a5 43. gxf5+ Kxf5 44. Nd5 e4+ 45. Kg3 bxc3 46. bxc3
Nc6 47. Ne3+ Ke5 48. h4 Nd8 49. Nc4+ Kf5 50. Nxa5 Ne6 51. Nc4 Nf4 52. Ne3+ Ke5
53. Kg4 Ne6 54. h5 Nf8 55. h6 Nh7 56. Nc4+ Kf6 57. Kf4 Ng5 58. Nd6 Kg6 59. Nxe4
 1-0

[Event "2. BUNDESLIGA MITTE 2019/2020"]
[Site "St. Veit"]
[Date "2020.01.11"]
[Round "8"]
[Board "6"]
[White "Kastner, Walter"]
[Black "Lentrodt, Thomas"]
[Result "1/2-1/2"]
[WhiteElo "2206"]
[BlackElo "2251"]
[PlyCount "103"]
[EventDate "2019.10.11"]
[EventType "team"]
[EventRounds "11"]
[EventCountry "AUT"]
[WhiteTeam "Schachfreunde Graz"]
[BlackTeam "SPG Sparkasse SEDDA Grieskirchen/Schalle"]

1. d4 d5 2. Nf3 Nf6 3. e3 e6 4. Bd3 Nbd7 5. O-O Bd6 6. Nbd2 O-O 7. c4 c5 8. b3
Re8 9. cxd5 exd5 10. Bb2 b6 11. Bf5 Nf8 12. Qb1 Qe7 13. Re1 Bb7 14. Qd1 Rad8
15. Rc1 Ne4 16. Nf1 g6 17. Bh3 Ne6 18. Bxe6 Qxe6 19. Ng3 Nxg3 20. hxg3 f6 21.
Qd3 Rc8 22. dxc5 bxc5 23. Red1 Be7 24. Qc3 Red8 25. Ng5 Qg4 26. Nf3 Qe6 27. Qd2
Kf7 28. Qc3 h6 29. Qc2 Rg8 30. Qd2 Rgd8 31. Nh4 g5 32. Nf3 Qe4 33. Qc2 Qxc2 34.
Rxc2 c4 35. Nd4 cxb3 36. Rxc8 Rxc8 37. axb3 Kg6 38. g4 Bb4 39. f3 h5 40. gxh5+
Kxh5 41. g4+ Kg6 42. Ra1 a6 43. Kg2 Rh8 44. Rb1 Bd6 45. Rh1 Rxh1 46. Kxh1 Bc8
47. Kg2 f5 48. gxf5+ Bxf5 49. Nxf5 Kxf5 50. Kf2 g4 51. fxg4+ Kxg4 52. Ke2
 1/2-1/2

[Event "2. BUNDESLIGA MITTE 2019/2020"]
[Site "St. Veit"]
[Date "2020.01.11"]
[Round "8"]
[Board "1"]
[White "Kadric, Denis"]
[Black "Tratar, Marko"]
[Result "1/2-1/2"]
[WhiteElo "2588"]
[BlackElo "2443"]
[PlyCount "113"]
[EventDate "2019.10.11"]
[EventType "team"]
[EventRounds "11"]
[EventCountry "AUT"]
[WhiteTeam "SC Pinggau-Friedberg"]
[BlackTeam "Frauental"]

1. e4 e6 2. d4 d5 3. e5 c5 4. c3 Nc6 5. Nf3 Qb6 6. Be2 cxd4 7. cxd4 Nge7 8. Na3
Nf5 9. Nc2 Bd7 10. O-O Rc8 11. Bd3 h6 12. g4 Nfe7 13. b4 h5 14. h3 a6 15. a4
Qc7 16. Bd2 Na7 17. Qe2 b5 18. Kg2 Rb8 19. a5 Nac6 20. Rac1 Ng8 21. Qe1 Rc8 22.
Na1 Qb7 23. Nb3 Na7 24. Rxc8+ Qxc8 25. Ng5 Nc6 26. f4 Nge7 27. Nf3 g6 28. Nc5
Nb8 29. Qb1 Bc6 30. Ng5 Bh6 31. Qc1 Bxg5 32. fxg5 Nd7 33. Nb3 Kf8 34. Qe1 Kg8
35. Qf2 Qf8 36. Be2 hxg4 37. hxg4 Qg7 38. Qg3 Qh7 39. Bf4 Qh4 40. Qf3 Qh7 41.
Qc3 Kf8 42. Bf3 Qg8 43. Nc5 Nb8 44. Bg3 Kg7 45. Be2 Qe8 46. Rc1 Rh7 47. Qf3 Ng8
48. Bd3 Kh8 49. Bb1 Kg7 50. Qc3 Ne7 51. Rf1 Kh8 52. Qc1 Kg7 53. Rf6 Ng8 54. Qf4
Ne7 55. Qc1 Qc8 56. Qf1 Be8 57. Rf2  1/2-1/2

[Event "2. BUNDESLIGA MITTE 2019/2020"]
[Site "St. Veit"]
[Date "2020.01.11"]
[Round "8"]
[Board "2"]
[White "Schachinger, Mario"]
[Black "Ftacnik, Lubomir"]
[Result "1/2-1/2"]
[WhiteElo "2402"]
[BlackElo "2521"]
[PlyCount "83"]
[EventDate "2019.10.11"]
[EventType "team"]
[EventRounds "11"]
[EventCountry "AUT"]
[WhiteTeam "Frauental"]
[BlackTeam "SC Pinggau-Friedberg"]

1. d4 Nf6 2. c4 g6 3. Nc3 d5 4. cxd5 Nxd5 5. e4 Nxc3 6. bxc3 Bg7 7. Nf3 c5 8.
Rb1 O-O 9. Be2 Nc6 10. d5 Ne5 11. Nxe5 Bxe5 12. Qd2 b6 13. f4 Bg7 14. O-O e6
15. Bc4 Rb8 16. d6 Bd7 17. a4 Bxa4 18. Ra1 Bc6 19. f5 exf5 20. exf5 Rb7 21.
fxg6 hxg6 22. Qf4 Rd7 23. Ra6 Qe8 24. Qg3 Qe4 25. Bd3 Qe5 26. Bf4 Qxc3 27. Rc1
Qd4+ 28. Kh1 Re8 29. Ra2 Rxd6 30. Bxd6 Re3 31. Bxc5 bxc5 32. Qb8+ Kh7 33. Bb1
Be5 34. Bxg6+ Kxg6 35. Qg8+ Bg7 36. Rf1 Re7 37. Qc8 Bb5 38. Qf5+ Kh6 39. Qh3+
Kg6 40. Qf5+ Kh6 41. Qh3+ Kg6 42. Qf5+  1/2-1/2

[Event "2. BUNDESLIGA MITTE 2019/2020"]
[Site "St. Veit"]
[Date "2020.01.11"]
[Round "8"]
[Board "3"]
[White "Milanovic, Danilo"]
[Black "Krebs, Johann"]
[Result "1-0"]
[WhiteElo "2455"]
[BlackElo "2226"]
[PlyCount "75"]
[EventDate "2019.10.11"]
[EventType "team"]
[EventRounds "11"]
[EventCountry "AUT"]
[WhiteTeam "SC Pinggau-Friedberg"]
[BlackTeam "Frauental"]

1. d4 Nf6 2. c4 d6 3. Nc3 e5 4. Nf3 Nbd7 5. e4 g6 6. Be2 Bg7 7. O-O O-O 8. Re1
Re8 9. Bf1 a6 10. Rb1 exd4 11. Nxd4 Nc5 12. f3 a5 13. Be3 Nfd7 14. Qd2 Ne5 15.
Rbd1 Ne6 16. b3 f5 17. exf5 Nxd4 18. Bxd4 Bxf5 19. Nd5 c6 20. Bb6 Qh4 21. Nc7
c5 22. Nxe8 Rxe8 23. Qf2 Qh6 24. f4 Ng4 25. Rxe8+ Kf7 26. Qg3 Kxe8 27. Rxd6 Bf6
28. Rxf6 Nxf6 29. Bxc5 Kf7 30. Qe3 Be4 31. h3 Qh4 32. Bd3 Qh5 33. g4 Nxg4 34.
hxg4 Qxg4+ 35. Kf2 Qh4+ 36. Ke2 Qh5+ 37. Kd2 Qh2+ 38. Kc3  1-0

[Event "2. BUNDESLIGA MITTE 2019/2020"]
[Site "St. Veit"]
[Date "2020.01.11"]
[Round "8"]
[Board "4"]
[White "Khalakhan, Jurij"]
[Black "Schnider, Gert"]
[Result "0-1"]
[WhiteElo "2249"]
[BlackElo "2423"]
[PlyCount "36"]
[EventDate "2019.10.11"]
[EventType "team"]
[EventRounds "11"]
[EventCountry "AUT"]
[WhiteTeam "Frauental"]
[BlackTeam "SC Pinggau-Friedberg"]

1. c4 c6 2. e4 d5 3. exd5 cxd5 4. d4 Nf6 5. Nc3 e6 6. Nf3 Be7 7. c5 O-O 8. Bd3
b6 9. b4 a5 10. Na4 Nbd7 11. a3 axb4 12. axb4 bxc5 13. bxc5 e5 14. dxe5 Ne4 15.
Be3 Qa5+ 16. Bd2 Nxd2 17. Qxd2 Nxc5 18. Bc2 Bd7  0-1

[Event "2. BUNDESLIGA MITTE 2019/2020"]
[Site "St. Veit"]
[Date "2020.01.11"]
[Round "8"]
[Board "5"]
[White "Danner, Georg"]
[Black "Ebner, Hubert"]
[Result "1/2-1/2"]
[WhiteElo "2310"]
[BlackElo "2210"]
[PlyCount "61"]
[EventDate "2019.10.11"]
[EventType "team"]
[EventRounds "11"]
[EventCountry "AUT"]
[WhiteTeam "SC Pinggau-Friedberg"]
[BlackTeam "Frauental"]

1. d4 Nf6 2. c4 g6 3. Nc3 d5 4. Bg5 Ne4 5. Bh4 Nxc3 6. bxc3 dxc4 7. e3 Be6 8.
Be2 Bg7 9. Nh3 O-O 10. Nf4 Bc8 11. Bxc4 Nc6 12. Qa4 Qd6 13. O-O Bd7 14. Qd1 e5
15. dxe5 Qxd1 16. Rfxd1 Nxe5 17. Be2 c6 18. Rab1 b6 19. Rd6 Rfe8 20. Rbd1 Bc8
21. Nh3 Be6 22. f4 Bc4 23. Bxc4 Nxc4 24. Rxc6 Nxe3 25. Rd7 Rac8 26. Re7 Nf5 27.
Rxe8+ Rxe8 28. Bf2 h5 29. Ng5 Rd8 30. Kf1 Rd1+ 31. Ke2  1/2-1/2

[Event "2. BUNDESLIGA MITTE 2019/2020"]
[Site "St. Veit"]
[Date "2020.01.11"]
[Round "8"]
[Board "6"]
[White "Steiner, Stefan"]
[Black "Schieder, Andreas"]
[Result "1-0"]
[WhiteElo "2298"]
[BlackElo "2188"]
[PlyCount "59"]
[EventDate "2019.10.11"]
[EventType "team"]
[EventRounds "11"]
[EventCountry "AUT"]
[WhiteTeam "Frauental"]
[BlackTeam "SC Pinggau-Friedberg"]

1. Nf3 d5 2. c4 d4 3. e3 Nc6 4. d3 g6 5. exd4 Nxd4 6. Nxd4 Qxd4 7. Nc3 c6 8.
Be3 Qd6 9. Qd2 Nf6 10. d4 Bf5 11. Be2 Bg7 12. h3 h5 13. Rd1 Ne4 14. Nxe4 Bxe4
15. f3 Bf5 16. Bf4 e5 17. dxe5 Qxd2+ 18. Rxd2 O-O 19. g4 hxg4 20. hxg4 Bb1 21.
Kf2 Bxa2 22. Ra1 Bb3 23. Ra3 Bxc4 24. Bxc4 b5 25. Ba2 g5 26. Bg3 a5 27. Rd7 c5
28. Bd5 b4 29. Ra1 Rad8 30. Bxf7+  1-0

[Event "2. BUNDESLIGA MITTE 2019/2020"]
[Site "St. Veit"]
[Date "2020.01.11"]
[Round "8"]
[Board "1"]
[White "Flumbort, Andras"]
[Black "Rogic, Davor"]
[Result "1/2-1/2"]
[WhiteElo "2457"]
[BlackElo "2494"]
[PlyCount "87"]
[EventDate "2019.10.11"]
[EventType "team"]
[EventRounds "11"]
[EventCountry "AUT"]
[WhiteTeam "ASK St. Valentin"]
[BlackTeam "SV Aspernig Transporte St. Veit 2"]

1. d4 d5 2. c4 c6 3. Nf3 Nf6 4. Nc3 e6 5. e3 Nbd7 6. Bd3 b6 7. O-O Bb7 8. b3
Bd6 9. Bb2 O-O 10. e4 dxe4 11. Nxe4 Nxe4 12. Bxe4 Qe7 13. Ne5 Rac8 14. Qe2 Rfd8
15. Rad1 Nf6 16. Bc2 c5 17. dxc5 Bxc5 18. Ng4 Nxg4 19. Qxg4 f5 20. Qg3 Bd6 21.
Be5 Bxe5 22. Qxe5 Kf7 23. f3 Qf6 24. Qxf6+ Kxf6 25. Kf2 g5 26. Rfe1 h5 27. g3
e5 28. h4 g4 29. fxg4 hxg4 30. Rxd8 Rxd8 31. Rd1 Rxd1 32. Bxd1 Bc8 33. Ke3 Be6
34. Be2 a5 35. a3 Kg6 36. b4 axb4 37. axb4 Kh5 38. c5 bxc5 39. bxc5 Bd7 40. Bc4
f4+ 41. gxf4 exf4+ 42. Kxf4 Kxh4 43. Bd5 Kh3 44. c6  1/2-1/2

[Event "2. BUNDESLIGA MITTE 2019/2020"]
[Site "St. Veit"]
[Date "2020.01.11"]
[Round "8"]
[Board "3"]
[White "Hajnal, Zoltan"]
[Black "Praznik, Niko"]
[Result "1/2-1/2"]
[WhiteElo "2386"]
[BlackElo "2351"]
[PlyCount "58"]
[EventDate "2019.10.11"]
[EventType "team"]
[EventRounds "11"]
[EventCountry "AUT"]
[WhiteTeam "ASK St. Valentin"]
[BlackTeam "SV Aspernig Transporte St. Veit 2"]

1. e4 e6 2. d4 d5 3. Nc3 Bb4 4. e5 b6 5. Qg4 Bf8 6. Bg5 Qd7 7. Bb5 Nc6 8. Nf3
Bb7 9. O-O-O h6 10. Qh5 Nge7 11. g4 Ng6 12. Be3 Nge7 13. Nd2 g6 14. Qh4 Bg7 15.
Nf1 O-O-O 16. Ng3 Rdf8 17. f4 f6 18. exf6 Bxf6 19. Qh3 a6 20. Be2 Na5 21. b3
Kb8 22. Rhe1 c5 23. Bf3 cxd4 24. Bxd4 Bxd4 25. Rxd4 Nec6 26. Rd3 Nb4 27. Rd4
Nbc6 28. Rd3 Nb4 29. Rd4 Nbc6  1/2-1/2

[Event "2. BUNDESLIGA MITTE 2019/2020"]
[Site "St. Veit"]
[Date "2020.01.11"]
[Round "8"]
[Board "4"]
[White "Mazi, Leon"]
[Black "Heimberger, Reinhard"]
[Result "1-0"]
[WhiteElo "2326"]
[BlackElo "2238"]
[PlyCount "115"]
[EventDate "2019.10.11"]
[EventType "team"]
[EventRounds "11"]
[EventCountry "AUT"]
[WhiteTeam "SV Aspernig Transporte St. Veit 2"]
[BlackTeam "ASK St. Valentin"]

1. e4 c5 2. Nf3 d6 3. d4 cxd4 4. Qxd4 Nc6 5. Qe3 Nf6 6. h3 g6 7. Be2 Bg7 8. O-O
O-O 9. Rd1 Qc7 10. c4 Na5 11. Na3 Be6 12. Bd2 a6 13. Rac1 Nc6 14. Bc3 Nd7 15.
Bxg7 Kxg7 16. Nc2 f6 17. Ncd4 Bf7 18. a3 Nde5 19. c5 Nxf3+ 20. Nxf3 Rfd8 21.
cxd6 Rxd6 22. Rxd6 Qxd6 23. Qb6 Qf4 24. Re1 Qb8 25. Rd1 Qa7 26. Qc7 Qb8 27. Rd7
Qxc7 28. Rxc7 Ra7 29. Nd2 Kf8 30. Nc4 Bxc4 31. Bxc4 Ke8 32. Be6 Nd8 33. Rc8 b5
34. f4 Rb7 35. f5 gxf5 36. exf5 Rb6 37. b4 Rd6 38. Ra8 Kf8 39. Bc8 Kg7 40. Bxa6
Nf7 41. Bxb5 Rd1+ 42. Kf2 Nd6 43. Be2 Rd2 44. g4 Kh6 45. h4 Kg7 46. a4 h5 47.
gxh5 Nxf5 48. b5 Rb2 49. Ke1 Nd4 50. Bd1 Nf5 51. Rc8 e5 52. Rc7+ Kh6 53. Rf7
Nxh4 54. Rxf6+ Kg5 55. Rf2 Rb1 56. Kd2 Rb4 57. Kc3 Rd4 58. Rd2  1-0

[Event "2. BUNDESLIGA MITTE 2019/2020"]
[Site "St. Veit"]
[Date "2020.01.11"]
[Round "8"]
[Board "5"]
[White "Casagrande, Harald"]
[Black "Dietmayer-Kraeutler, Marco"]
[Result "1/2-1/2"]
[WhiteElo "2301"]
[BlackElo "2342"]
[PlyCount "129"]
[EventDate "2019.10.11"]
[EventType "team"]
[EventRounds "11"]
[EventCountry "AUT"]
[WhiteTeam "ASK St. Valentin"]
[BlackTeam "SV Aspernig Transporte St. Veit 2"]

1. d4 d5 2. Nf3 Nf6 3. c4 e6 4. Nc3 c6 5. Bg5 h6 6. Bxf6 Qxf6 7. e4 dxe4 8.
Nxe4 Qd8 9. a3 g6 10. Qd2 Bg7 11. Rd1 O-O 12. g3 b6 13. Bg2 Bb7 14. O-O c5 15.
Rfe1 Bxe4 16. Rxe4 Nc6 17. d5 exd5 18. cxd5 Nd4 19. Nxd4 cxd4 20. Re2 Rc8 21.
Rc1 Rc5 22. Rce1 Bf6 23. h4 h5 24. Qf4 Kg7 25. Kh2 Qb8 26. Qxb8 Rxb8 27. Re8
Rxe8 28. Rxe8 d3 29. Re3 d2 30. Rd3 Bxb2 31. d6 Rc8 32. d7 Rd8 33. Rxd2 Bxa3
34. Bc6 Be7 35. Re2 Kf6 36. f3 Bd6 37. Kh3 Be5 38. g4 Ke6 39. Bb5 Kd5 40. Rd2+
Kc5 41. Ba4 Bc3 42. Rc2 Kc4 43. Bc6 b5 44. g5 a5 45. Re2 a4 46. Re8 Ba5 47. Re5
Rb8 48. Bd5+ Kd4 49. f4 Bd8 50. Bxf7 b4 51. Rd5+ Ke4 52. f5 gxf5 53. g6 Bf6 54.
g7 Bxg7 55. d8=Q Rxd8 56. Rxd8 a3 57. Rb8 Bc3 58. Ra8 Bb2 59. Ra4 Bc3 60. Bxh5
Ke3 61. Kg2 Kd2 62. Bg6 Kc2 63. Bxf5+ Kb2 64. Be6 b3 65. Rxa3  1/2-1/2

[Event "2. BUNDESLIGA MITTE 2019/2020"]
[Site "St. Veit"]
[Date "2020.01.11"]
[Round "8"]
[Board "1"]
[White "Nagy, Gabor"]
[Black "Schmidt, Peter"]
[Result "1-0"]
[WhiteElo "2489"]
[BlackElo "2396"]
[PlyCount "59"]
[EventDate "2019.10.11"]
[EventType "team"]
[EventRounds "11"]
[EventCountry "AUT"]
[WhiteTeam "SPG Fuerstenfeld/Hartberg 2"]
[BlackTeam "SPG Sauwald"]

1. d4 Nf6 2. c4 g6 3. Nc3 Bg7 4. e4 d6 5. f3 O-O 6. Nge2 Nc6 7. Be3 a6 8. Qd2
Na5 9. Ng3 b5 10. Bh6 Nxc4 11. Bxc4 bxc4 12. O-O-O Re8 13. Bxg7 Kxg7 14. h4 h5
15. Nf1 c6 16. Ne3 Qa5 17. Rdg1 e5 18. dxe5 dxe5 19. g4 Rd8 20. Nxc4 Rxd2 21.
Nxa5 Rf2 22. g5 Nd7 23. Rf1 Rxf1+ 24. Rxf1 c5 25. Rd1 Rb8 26. Nc6 Rb7 27. Rd6
c4 28. Nd5 Nc5 29. Rf6 Ne6 30. Nxe5  1-0

[Event "2. BUNDESLIGA MITTE 2019/2020"]
[Site "St. Veit"]
[Date "2020.01.11"]
[Round "8"]
[Board "2"]
[White "Renner, Christoph"]
[Black "Pilaj, Herwig"]
[Result "0-1"]
[WhiteElo "2311"]
[BlackElo "2325"]
[PlyCount "56"]
[EventDate "2019.10.11"]
[EventType "team"]
[EventRounds "11"]
[EventCountry "AUT"]
[WhiteTeam "SPG Sauwald"]
[BlackTeam "SPG Fuerstenfeld/Hartberg 2"]

1. e4 c5 2. Be2 Nc6 3. f4 d5 4. d3 g6 5. Nf3 Nf6 6. e5 Nh5 7. O-O Bh6 8. f5
Bxc1 9. Qxc1 Bxf5 10. Nh4 Ng7 11. Qh6 O-O 12. Nf3 f6 13. Nc3 Nd4 14. Bd1 Be6
15. exf6 exf6 16. Re1 Qb6 17. Rb1 Rae8 18. Qd2 Ngf5 19. Kh1 Qd6 20. g4 Nxf3 21.
Bxf3 Nd4 22. Rxe6 Nxe6 23. Bxd5 b6 24. Qh6 Kh8 25. Rf1 Qe5 26. h4 Nd4 27. Rf2
Qe3 28. Ne4 Qxh6  0-1

[Event "2. BUNDESLIGA MITTE 2019/2020"]
[Site "St. Veit"]
[Date "2020.01.11"]
[Round "8"]
[Board "3"]
[White "Kiss, Attila"]
[Black "Testor, Sebastian"]
[Result "1/2-1/2"]
[WhiteElo "2335"]
[BlackElo "2332"]
[PlyCount "82"]
[EventDate "2019.10.11"]
[EventType "team"]
[EventRounds "11"]
[EventCountry "AUT"]
[WhiteTeam "SPG Fuerstenfeld/Hartberg 2"]
[BlackTeam "SPG Sauwald"]

1. d4 e6 2. c4 Nf6 3. g3 d5 4. Nf3 dxc4 5. Bg2 c5 6. O-O Nc6 7. Ne5 Bd7 8. Na3
cxd4 9. Naxc4 Bc5 10. Qb3 O-O 11. Bf4 Bb6 12. Rfd1 Nd5 13. Bxd5 exd5 14. Nxb6
axb6 15. Qxd5 Be6 16. Nxc6 Qxd5 17. Ne7+ Kh8 18. Nxd5 Bxd5 19. Rxd4 Rxa2 20.
Rxa2 Bxa2 21. Rd7 Bc4 22. e4 h6 23. f3 b5 24. Kf2 f6 25. Bd6 Rf7 26. Rd8+ Kh7
27. f4 h5 28. f5 b4 29. Bxb4 Bb5 30. Ke3 Rd7 31. Rxd7 Bxd7 32. Be7 Kg8 33. Kf4
Kf7 34. Bd6 Bb5 35. h3 Bf1 36. h4 Be2 37. e5 fxe5+ 38. Kxe5 Bd1 39. b4 Be2 40.
Bc5 b5 41. Be3 Bd1  1/2-1/2

[Event "2. BUNDESLIGA MITTE 2019/2020"]
[Site "St. Veit"]
[Date "2020.01.11"]
[Round "8"]
[Board "4"]
[White "Taggatz, Mario"]
[Black "Kuba, Guenter"]
[Result "1/2-1/2"]
[WhiteElo "2207"]
[BlackElo "2338"]
[PlyCount "62"]
[EventDate "2019.10.11"]
[EventType "team"]
[EventRounds "11"]
[EventCountry "AUT"]
[WhiteTeam "SPG Sauwald"]
[BlackTeam "SPG Fuerstenfeld/Hartberg 2"]

1. e4 e5 2. Nf3 Nc6 3. Nc3 g6 4. d4 exd4 5. Nxd4 Bg7 6. Be3 Nf6 7. f3 O-O 8.
Qd2 d5 9. Nxc6 bxc6 10. O-O-O Be6 11. exd5 Nxd5 12. Bd4 Bxd4 13. Qxd4 Qg5+ 14.
Qd2 Qxd2+ 15. Kxd2 Rfd8 16. Bd3 Nf4 17. g3 Nxd3 18. cxd3 Rd4 19. Rhe1 Rad8 20.
Kc2 Bf5 21. Ne4 h5 22. g4 hxg4 23. fxg4 Bxg4 24. Nf6+ Kf8 25. Nxg4 Rxg4 26. Rd2
Re8 27. Rf1 f5 28. Kc3 Kf7 29. d4 Kf6 30. Kc4 Re6 31. Rf3 Rge4  1/2-1/2

[Event "2. BUNDESLIGA MITTE 2019/2020"]
[Site "St. Veit"]
[Date "2020.01.11"]
[Round "8"]
[Board "5"]
[White "Spindelboeck, Gernot"]
[Black "Hiermann, Dietmar"]
[Result "1/2-1/2"]
[WhiteElo "2227"]
[BlackElo "2239"]
[PlyCount "66"]
[EventDate "2019.10.11"]
[EventType "team"]
[EventRounds "11"]
[EventCountry "AUT"]
[WhiteTeam "SPG Fuerstenfeld/Hartberg 2"]
[BlackTeam "SPG Sauwald"]

1. d4 d5 2. c4 e5 3. dxe5 d4 4. Nf3 Nc6 5. a3 a5 6. Nbd2 Bg4 7. h3 Bxf3 8. Nxf3
Bc5 9. g3 Nge7 10. Bg2 Ng6 11. O-O O-O 12. Qb3 Ra6 13. Qb5 a4 14. e6 fxe6 15.
Ng5 Qc8 16. b4 axb3 17. Nxe6 Rf5 18. Bd5 Ra5 19. Qxb3 Kh8 20. Bd2 Nge7 21. Bxa5
Nxa5 22. Qa4 Bb6 23. Nf4 Rxf4 24. gxf4 Nxd5 25. cxd5 c6 26. Qb4 Bc7 27. Kg2 Qf5
28. Qxd4 Nb3 29. Qd3 Qxf4 30. Qg3 Qe4+ 31. f3 Qxe2+ 32. Rf2 Qe7 33. Qg4 Nxa1
 1/2-1/2

[Event "2. BUNDESLIGA MITTE 2019/2020"]
[Site "St. Veit"]
[Date "2020.01.11"]
[Round "8"]
[Board "6"]
[White "Hellmayr, Alois"]
[Black "Hatzl, Johannes"]
[Result "1-0"]
[WhiteElo "2242"]
[BlackElo "2130"]
[PlyCount "117"]
[EventDate "2019.10.11"]
[EventType "team"]
[EventRounds "11"]
[EventCountry "AUT"]
[WhiteTeam "SPG Sauwald"]
[BlackTeam "SPG Fuerstenfeld/Hartberg 2"]

1. Nf3 d5 2. g3 Nf6 3. Bg2 e6 4. O-O Be7 5. d3 O-O 6. Nbd2 c5 7. e4 Nc6 8. Re1
Qc7 9. Qe2 b6 10. e5 Nd7 11. Nf1 Bb7 12. h4 Rac8 13. Bf4 Nd4 14. Nxd4 cxd4 15.
Rac1 Bb4 16. Red1 a5 17. Nh2 Nb8 18. Ng4 Kh8 19. h5 Be7 20. Bh3 Qd8 21. h6 g6
22. Re1 Nc6 23. Kg2 b5 24. Nh2 Rg8 25. a3 Qf8 26. Ng4 Qd8 27. Qf3 Rf8 28. Qe2
Re8 29. Nh2 Rg8 30. Bg4 Qf8 31. Nf3 Qd8 32. Rh1 Rc7 33. Bd2 Rc8 34. Rce1 Rf8
35. Qd1 Ba6 36. Re2 b4 37. axb4 axb4 38. b3 Ra8 39. Qc1 Bb5 40. Qb2 Qb6 41. Bg5
Bxg5 42. Nxg5 Qc7 43. Nf3 Rfc8 44. Ra1 Qb7 45. Rxa8 Rxa8 46. Qc1 Qe7 47. Qf4
Ra2 48. Nxd4 Nxd4 49. Qxd4 Kg8 50. c4 Rxe2 51. Bxe2 dxc4 52. dxc4 Bc6+ 53. Bf3
Bxf3+ 54. Kxf3 Qb7+ 55. Kf4 Qc7 56. Qd6 Qc8 57. c5 f6 58. Qe7 g5+ 59. Kg4  1-0

[Event "2. BUNDESLIGA MITTE 2019/2020"]
[Site "St. Veit"]
[Date "2020.01.11"]
[Round "8"]
[Board "1"]
[White "Leisch, Lukas"]
[Black "Velicka, Petr"]
[Result "1/2-1/2"]
[WhiteElo "2340"]
[BlackElo "2426"]
[PlyCount "69"]
[EventDate "2019.10.11"]
[EventType "team"]
[EventRounds "11"]
[EventCountry "AUT"]
[WhiteTeam "SPG Freistadt/Wartberg"]
[BlackTeam "SV Steyregg"]

1. c4 c5 2. Nf3 b6 3. d4 cxd4 4. Nxd4 Bb7 5. Nc3 Nf6 6. f3 Nc6 7. e4 e6 8. Be3
Qb8 9. Qd2 Bc5 10. Be2 O-O 11. O-O-O Rd8 12. Nxc6 Bxc6 13. Bg5 Be7 14. Bf4 d6
15. g4 a6 16. g5 Nh5 17. Be3 b5 18. f4 b4 19. Nd5 exd5 20. exd5 Ba4 21. b3 Bd7
22. Bxh5 a5 23. Qd3 a4 24. Bd4 axb3 25. axb3 Qc8 26. Bxf7+ Kxf7 27. Qxh7 Rg8
28. g6+ Kf8 29. Bxg7+ Rxg7 30. Qh8+ Rg8 31. g7+ Kf7 32. Qh5+ Kf6 33. Qg5+ Kf7
34. Qh5+ Kf6 35. Qg5+  1/2-1/2